Biggest Cities in Afghanistan - Statistics

General Stats
  • This quiz has been taken 49 times
  • The average score is 4 of 10
Answer Stats
Population City % Correct
3,678,034 Kabul
100%
491,500 Kandahar
80%
436,300 Herat
66%
368,100 Mazar-i-Sharif
55%
356,275 Jalalabad
48%
268,893 Kunduz
27%
203,600 Puli Khumri
16%
148,329 Sheberghan
9%
196,400 Taloqan
9%
171,200 Charikar
7%
No matching quizzes found
Score Distribution
Percent of People with Each Score
Percentile by Number Answered
Your Score History
You have not taken this quiz